[Event "Schleswig-Holstein-ch Basis"]
[Site "Buesum"]
[Date "2010.04.02"]
[Round "9"]
[White "Ketelsen, Herbert"]
[Black "Heidemann, Frank"]
[Result "0-1"]
[WhiteElo "1453"]
[BlackElo "1392"]
[PlyCount "28"]
[EventDate "2010.03.27"]
[EventType "swiss"]
[EventRounds "9"]
[EventCountry "GER"]
[SourceTitle "EXT 2023"]
[Source "ChessBase"]
[SourceDate "2022.10.05"]
[SourceVersion "1"]
[SourceVersionDate "2022.10.05"]
[SourceQuality "1"]

1. e4 c5 2. Nf3 e6 3. b3 d5 4. exd5 exd5 5. Be2 g6 6. Bb2 d4 7. 0-0 Bg7 8. Bc4 Ne7 9. Qe2 0-0 10. Re1 Nbc6 11. h3 d3 12. cxd3 Bxb2 13. Nc3 Bxa1 14. Rxa1 Nf5 0-1